[Event "Dutch Open"]
[Site "Dieren NED"]
[Date "2006.08.03"]
[Round "9"]
[White "Op den Kelder,J"]
[Black "Slingerland,F"]
[Result "0-1"]
[WhiteElo "2217"]
[BlackElo "2338"]

1.e4 c5 2.Nf3 Nc6 3.d4 cxd4 4.Nxd4 Nf6 5.Nc3 d6 6.Bg5 e6 7.Qd2 a6 8.O-O-O Bd7
9.f4 h6 10.Bh4 Nxe4 11.Qe1 Nf6 12.Nf5 Qa5 13.Nxd6+ Bxd6 14.Rxd6 O-O-O 15.Bxf6 gxf6
16.Be2 Ne7 17.Bf3 Qc7 18.Qd2 Bc6 19.Rd1 Rxd6 20.Qxd6 Qxd6 21.Rxd6 Bxf3 22.gxf3 f5
23.Rd2 Rg8 24.Ne2 h5 25.c4 Ng6 26.Kc2 Nh4 27.Ng3 Nxf3 28.Rf2 Nxh2 29.Rxh2 Rxg3
30.Rxh5 Rf3 31.Rh7 Rxf4 32.Kc3 Rf3+ 33.Kd4 Rf2 34.b4 Rd2+ 35.Kc5 Kc7 36.Rxf7+ Rd7
37.a4 b6+  0-1

[Event "15th Open A"]
[Site "Vienna AUT"]
[Date "2006.08.03"]
[Round "6"]
[White "Van der Weide,K"]
[Black "Guliyev,N"]
[Result "1-0"]
[WhiteElo "2446"]
[BlackElo "2543"]

1.e4 c5 2.Nf3 d6 3.d4 cxd4 4.Nxd4 Nf6 5.Nc3 Nc6 6.Bg5 Qb6 7.Nb3 e6 8.Bxf6 gxf6
9.Qd2 a6 10.f4 Bd7 11.O-O-O O-O-O 12.Kb1 Kb8 13.Be2 h5 14.Rhf1 Na5 15.Rf3 Be7
16.Rh3 Nxb3 17.axb3 h4 18.Qe1 Bc6 19.Rxh4 Qc5 20.Rxh8 Rxh8 21.Qg3 b5 22.Qg7 Rf8
23.Bf3 a5 24.Ne2 a4 25.Nd4 Bd7 26.Bg4 axb3 27.Nxb3 Qe3 28.f5 e5 29.Bf3 Bc6
30.Nd2 Kc7 31.h4 b4 32.h5 b3 33.Nxb3 Bxe4 34.Bxe4 Qxe4 35.h6 Qxf5 36.h7 Qh5
37.Rd3 Ra8 38.Nc1 f5 39.Qg8 Rd8 40.Rh3 Bh4 41.g3 Qg6 42.Qxd8+ Bxd8 43.h8=Q  1-0

[Event "17th Jozef Kochan Mem"]
[Site "Koszalin POL"]
[Date "2006.08.05"]
[Round "2"]
[White "Krzyzanowski,M"]
[Black "Dudek,An"]
[Result "1-0"]
[WhiteElo "2106"]
[BlackElo "2215"]

1.e4 c5 2.Nf3 Nc6 3.d4 cxd4 4.Nxd4 Nf6 5.Nc3 d6 6.Bg5 e6 7.Qd2 a6 8.O-O-O Bd7
9.f3 h6 10.Be3 Qc7 11.g4 Nxd4 12.Bxd4 Bc6 13.h4 Nd7 14.Kb1 b5 15.Bd3 b4 16.Ne2 d5
17.g5 dxe4 18.fxe4 a5 19.Rhf1 e5 20.Be3 hxg5 21.hxg5 f6 22.Ng3 O-O-O 23.gxf6 gxf6
24.Qf2 Bb7 25.Bb5 Bc6 26.Bxc6 Qxc6 27.Rd5 Bh6 28.Bxh6 Rxh6 29.Nf5 Rh7 30.Qa7 Rdh8
31.Rfd1 Nb6 32.Nd6+ Qxd6 33.Qa6+  1-0

[Event "15th Open A"]
[Site "Vienna AUT"]
[Date "2006.08.05"]
[Round "8"]
[White "Van der Weide,K"]
[Black "Danner,G"]
[Result "1/2-1/2"]
[WhiteElo "2446"]
[BlackElo "2411"]

1.e4 c5 2.Nf3 d6 3.d4 cxd4 4.Nxd4 Nf6 5.Nc3 Nc6 6.Bg5 e6 7.Qd2 Be7 8.O-O-O Nxd4
9.Qxd4 O-O 10.f3 Qa5 11.h4 Rd8 12.Kb1 Bd7 13.Qd2 Bc6 14.Nd5 Qxd2 15.Nxe7+ Kf8
16.Rxd2 Kxe7 17.h5 h6 18.Bh4 e5 19.Bd3 b5 20.g4 d5 21.exd5 Bxd5 22.Re1 Bxf3
23.Rf2 Bxg4 24.Rxe5+ Kf8 25.Bxf6 gxf6 26.Rxb5 Rd6 27.a4 Re8 28.Rf4 Re1+ 29.Ka2 Be6+
30.b3 Re5 31.Ka3 Kg7 32.Bf5 a6 33.Rg4+ Kf8 34.Rb8+ Ke7 35.Rb7+ Rd7 36.Rxd7+ Kxd7
37.Rd4+ Kc7 38.Bd3 a5 39.Rh4 Rg5 40.Kb2 Bg4 41.Kc3 Kb6 42.Kd4 Bxh5 43.Ke3 Kc5
44.Rc4+ Kd6 45.b4 axb4 46.Rxb4 Rg3+  1/2-1/2

[Event "San Agustin Open"]
[Site "Aviles ESP"]
[Date "2006.08.07"]
[Round "3"]
[White "Barrientos,S"]
[Black "Mladenov,P"]
[Result "1-0"]
[WhiteElo "2435"]
[BlackElo "2229"]

1.e4 c5 2.Nf3 d6 3.d4 Nf6 4.Nc3 cxd4 5.Nxd4 Nc6 6.Bg5 e6 7.Qd2 Be7 8.O-O-O Nxd4
9.Qxd4 O-O 10.f4 Qa5 11.Bc4 Rd8 12.Bb3 Bd7 13.Rd3 h6 14.Bh4 Bc6 15.Rf1 d5
16.Bxf6 Bxf6 17.e5 Be7 18.f5 Qc5 19.Qg4 d4 20.f6 Bf8 21.fxg7 Bxg7 22.Rxf7 Qxe5
23.Bxe6 Kh8 24.Nd1 Rf8 25.Rg3 Rxf7 26.Bxf7 Bb5 27.Bd5 Re8 28.Be4 Bf6 29.Bd3 Bxd3
30.Rxd3 Rg8 31.Qf3 b6 32.Kb1 Bg7 33.g3 Rf8 34.Qg2 Qe1 35.a3 Re8 36.h4 Re3
37.Qf2 Qh1 38.Qf5 Qg1 39.Qf2 Qh1 40.Kc1 Rxd3 41.cxd3 Qc6+ 42.Kb1 a5 43.Qe2 Qc7
44.Qf3 b5 45.Nf2 b4 46.axb4 axb4 47.Ne4 b3 48.Qd1 Qb6 49.g4 Qb5 50.Kc1 Qc6+
51.Kd2 Qc7 52.Qxb3 Qf4+ 53.Kc2 Qxg4 54.Qb8+ Kh7 55.Qh2 Qc8+ 56.Kb1 Qa6 57.Qh3 Qa5
58.Qg4 Qe1+ 59.Kc2 Qf1 60.h5 Kh8 61.Nd6 Qf2+ 62.Kb3 Qd2 63.Qf3 Qa5 64.Nf5 Qb5+
65.Kc2 Qa4+ 66.Kb1 Qe8 67.Qg4 Qe1+ 68.Kc2 Bf6 69.Nxh6 Qe8 70.Qf3 Bg7 71.Nf5 Qc8+
72.Kb1 Bf6 73.Nd6 Qe6 74.Nf5 Qe1+ 75.Kc2 Qe8 76.Nd6 Qe6 77.Ne4 Qc6+ 78.Kb1 Bg7
79.Ng5 Qe8 80.Qf5 Kg8 81.h6 Be5 82.h7+ Kg7 83.Ne6+  1-0

[Event "107th Annual US Open"]
[Site "Chicago USA"]
[Date "2006.08.09"]
[Round "5"]
[White "Gunsen,B"]
[Black "Kacheishvili,G"]
[Result "0-1"]
[WhiteElo "2204"]
[BlackElo "2589"]

1.e4 c5 2.Nf3 d6 3.d4 cxd4 4.Nxd4 Nf6 5.Nc3 Nc6 6.Bg5 e6 7.Qd2 Be7 8.O-O-O a6
9.f4 Nxd4 10.Qxd4 b5 11.Bxf6 gxf6 12.f5 Rb8 13.fxe6 fxe6 14.Be2 Rg8 15.e5 fxe5
16.Bh5+ Kd7 17.Qxe5 Rg5 18.Qe2 Qg8 19.Bf3 Kc7 20.Ne4 Re5 21.Qd3 Rb6 22.Qc3+ Kb8
23.Kb1 Rf5 24.Qe3 Qd8 25.Qh6 Qh8 26.Qe3 Qd8 27.Qh6 Qh8 28.Qe3 Rc6 29.Rhe1 d5
30.Ng3 Bg5 31.Qb3 Rf4 32.c3 Rfc4 33.Ne2 Bf6 34.Nc1 Qg7 35.Be2 Rh4 36.Bf3 Rxh2
37.a4 Rh4 38.g4 Rb6 39.Nd3 Qc7 40.a5 Rd6 41.Rh1 Rxh1 42.Rxh1 Rd7 43.Nb4 Rf7
44.Be2 Bb7 45.Rf1 Bd8 46.Rxf7 Qxf7 47.Nd3 Qe7 48.Qb4 Qxb4 49.cxb4 Kc7 50.Nc5  0-1

[Event "17th Jozef Kochan Mem"]
[Site "Koszalin POL"]
[Date "2006.08.12"]
[Round "9"]
[White "Kanarek,M"]
[Black "Dukaczewski,P"]
[Result "1-0"]
[WhiteElo "2190"]
[BlackElo "2344"]

1.e4 c5 2.Nf3 Nc6 3.d4 cxd4 4.Nxd4 Nf6 5.Nc3 d6 6.Bg5 e6 7.Qd2 a6 8.O-O-O Bd7
9.f3 Be7 10.Kb1 Rc8 11.Be3 Nxd4 12.Qxd4 e5 13.Qd2 Be6 14.g4 Qa5 15.g5 Nd7
16.h4 Nb6 17.a3 Nc4 18.Bxc4 Rxc4 19.f4 g6 20.h5 b5 21.Qd3 b4 22.Nd5 Bxd5
23.exd5 Qc7 24.fxe5 O-O 25.e6 bxa3 26.exf7+ Rxf7 27.hxg6 Rg7 28.gxh7+ Kh8
29.Bd4 Rxd4 30.Qxd4 Bxg5 31.Rde1 Qb8 32.Qxg7+ Kxg7 33.h8=Q+ Qxh8 34.Rxh8 Kxh8
35.bxa3 Kg7 36.Ka2 Kf7 37.Kb3 Bd8 38.Re6 Bc7 39.Kb4 Kf8 40.c4 Kf7 41.c5 a5+
42.Kb5 dxc5 43.Kxc5 Bd8 44.Kc6 Kf8 45.d6  1-0

[Event "Open"]
[Site "Stare Mesto CZE"]
[Date "2006.08.13"]
[Round "4"]
[White "Hrabusa,M"]
[Black "Lyanguzov,O"]
[Result "1/2-1/2"]
[WhiteElo "2192"]
[BlackElo "2355"]

1.e4 c5 2.Nf3 d6 3.d4 cxd4 4.Nxd4 Nf6 5.Nc3 Nc6 6.Bg5 e6 7.Qd2 Be7 8.f4 a6
9.O-O-O Nxd4 10.Qxd4 b5 11.Bxf6 gxf6 12.e5 d5 13.Kb1 Bb7 14.f5 fxe5 15.Qxe5 Bf6
16.Qg3 Qe7 17.fxe6 fxe6 18.Be2 h5 19.a4 bxa4 20.Rhf1 O-O-O 21.Nxa4 e5 22.Rd3 Rhf8
23.Rc3+ Kb8 24.Nc5 h4 25.Qh3 e4 26.Nxb7 Kxb7 27.Bxa6+ Kxa6 28.Ra3+ Kb5 29.Rf5 Qc5
30.Rb3+ Ka6 31.Ra3+ Kb5 32.Rb3+ Ka6 33.Ra3+ Kb7 34.Rh5 Bg7 35.Rh7 Rf1+ 36.Ka2 Rf7
37.Qe6 Rdd7 38.Qa6+ Kb8 39.Rb3+ Kc7 40.Rxg7 Rxg7 41.Rc3 Qxc3 42.bxc3  1/2-1/2

[Event "Open"]
[Site "Predeal ROM"]
[Date "2006.08.14"]
[Round "3"]
[White "Berescu,A"]
[Black "Gasanov,E"]
[Result "1/2-1/2"]
[WhiteElo "2491"]
[BlackElo "2443"]

1.e4 c5 2.Nf3 Nc6 3.d4 cxd4 4.Nxd4 Nf6 5.Nc3 d6 6.Bg5 Qb6 7.Nb3 e6 8.Be3 Qc7
9.f4 a6 10.Qf3 b5 11.Bd3  1/2-1/2

[Event "Open"]
[Site "Stare Mesto CZE"]
[Date "2006.08.15"]
[Round "6"]
[White "Meszaros,Mi"]
[Black "Lyanguzov,O"]
[Result "1/2-1/2"]
[WhiteElo "2420"]
[BlackElo "2355"]

1.e4 c5 2.Nf3 d6 3.d4 cxd4 4.Nxd4 Nf6 5.Nc3 Nc6 6.Bg5 e6 7.Qd2 a6 8.O-O-O Nxd4
9.Qxd4 Be7 10.f4 b5 11.Bxf6 gxf6 12.e5 d5 13.Kb1 Bb7 14.f5 fxe5 15.Qxe5 Bf6
16.Qg3 Qe7 17.fxe6 fxe6 18.Be2 h5 19.a4 h4 20.Qg6+ Qf7 21.Qd3 bxa4 22.Nxa4 Rb8
23.Rhf1 O-O 24.Bg4 Bc8 25.b3 Qe7 26.Qe3 Rb4 27.h3 Re4 28.Qb6 Rb4 29.Qe3 Re4
30.Qb6 Rb4  1/2-1/2

[Event "Open"]
[Site "Predeal ROM"]
[Date "2006.08.16"]
[Round "7"]
[White "Dragomirescu,R"]
[Black "Gheorghe,C"]
[Result "1/2-1/2"]
[WhiteElo "2090"]
[BlackElo "2257"]

1.e4 c5 2.Nf3 d6 3.d4 cxd4 4.Nxd4 Nf6 5.Nc3 Nc6 6.Bg5 e6 7.Qd2 a6 8.O-O-O Bd7
9.f4 b5 10.Bxf6 gxf6 11.Nxc6 Bxc6 12.Qe3 Qe7 13.Bd3 Qa7 14.Qh3 h5 15.Kb1 Qc5
16.Rhe1 O-O-O 17.Ne2 Kb8 18.Nc1 Be7 19.Nb3 Qb6 20.f5 e5 21.c4 b4 22.Rc1 a5
23.Nd2 Bf8 24.Nf1 Bh6 25.Rc2 Bg5 26.Qf3 h4 27.Ne3 Bxe3 28.Qxe3 Qc5  1/2-1/2

[Event "Jch-EST"]
[Site "Narva Joesuu EST"]
[Date "2006.08.18"]
[Round "6"]
[White "Vovk,I"]
[Black "Ivanov,Al3"]
[Result "0-1"]
[WhiteElo "2236"]
[BlackElo "2408"]

1.e4 c5 2.Nf3 d6 3.d4 Nf6 4.Nc3 cxd4 5.Nxd4 Nc6 6.Bg5 e6 7.Qd2 Be7 8.O-O-O Nxd4
9.Qxd4 a6 10.f4 b5 11.Bxf6 gxf6 12.f5 Qc7 13.Be2 Qc5 14.fxe6 fxe6 15.Qxc5 dxc5
16.Bh5+ Kf8 17.e5 f5 18.Rhf1 Kg7 19.g4 Kh6 20.Ne2 Rd8 21.Nf4 Rxd1+ 22.Kxd1 Bg5
23.h4 Bxf4 24.Rxf4 Bb7 25.Bf7 fxg4 26.Rf6+ Kg7 27.Bxe6 g3 28.Ke2 Rf8 29.Rxf8 Kxf8
30.a3 b4 31.c4 Ke7 32.Bg8 h6 33.Kf1 Be4 34.Kg1 a5 35.Kf1 Kf8 36.Be6 Kg7 37.Kg1 Kg6
38.Bg8 Kf5 39.e6 Kf6 40.Bf7 Bd3 41.Bg8 Bxc4 42.e7 Bf7 43.Kg2 Kxe7 44.Bh7 c4
45.axb4 axb4 46.Kxg3 Kf6 47.Kf4 c3 48.bxc3 b3 49.Ke3 b2 50.Bb1 Bg6 51.Ba2 b1=Q
52.Bxb1 Bxb1 53.c4 Ke5 54.c5 Be4 55.h5 Bc6 56.Kd3 Be8 57.Kc4 Bxh5  0-1

[Event "Open"]
[Site "Predeal ROM"]
[Date "2006.08.18"]
[Round "9"]
[White "Butunoi,A"]
[Black "Murariu,A"]
[Result "0-1"]
[WhiteElo "2404"]
[BlackElo "2516"]

1.e4 c5 2.Nf3 Nc6 3.d4 cxd4 4.Nxd4 Nf6 5.Nc3 d6 6.Bg5 e6 7.Qd2 a6 8.O-O-O Bd7
9.f4 h6 10.Bxf6 Qxf6 11.Nf3 Qd8 12.g4 Be7 13.h4 Qa5 14.Kb1 O-O-O 15.Qe1 Rhe8
16.g5 d5 17.exd5 exd5 18.Rxd5 Bc5 19.Qg3 Ne7 20.Rxd7 Kxd7 21.Ne5+ Kc7 22.Bd3 Bd4
23.Nc4 Qc5 24.f5+ Kc8 25.f6 gxf6 26.gxf6 Ng6 27.Na4 Qc7 28.Nab6+ Bxb6 29.Nxb6+ Qxb6
30.Bf5+ Re6 31.h5 Nf8 32.Qh3 Qc6 33.Re1 Qd5 34.Bxe6+ Nxe6 35.Qg4 Kb8 36.a3 Qg5
37.Qf3 Qd2 38.Rc1 Qf4 39.Qc3 Rc8 40.Qb3 Qxf6 41.Rd1 Rd8 42.Qg3+ Ka8 43.Re1 Qf4
44.Qb3 Qg4 45.Re5 Qf4 46.Re1 Qf5 47.Qb6 Rd2 48.Qb3 Qxh5 49.Ka2 Qd5 50.c4 Qd6
51.Rg1 Ka7 52.Rg8 Qe5 53.Re8 Rd7 54.Qa4 Qc7 55.Qb4 Rd4 56.Kb3 a5 57.Qb5 Rd8
58.Rxd8 Qxd8 59.Ka2 Qb6 60.Qd5 Qc5 61.Qd3 h5 62.Qc3 h4 63.b4 axb4 64.axb4 Qf2+
65.Kb1 Nd4 66.Ka1 Qd2 67.Qa3+ Kb8 68.Qa4 Nc2+  0-1

[Event "Open"]
[Site "Stare Mesto CZE"]
[Date "2006.08.18"]
[Round "9"]
[White "Ponizil,C"]
[Black "Meszaros,Mi"]
[Result "0-1"]
[WhiteElo "2199"]
[BlackElo "2420"]

1.e4 c5 2.Nf3 d6 3.d4 cxd4 4.Nxd4 Nf6 5.Nc3 Nc6 6.Bg5 e6 7.Qd2 Qb6 8.O-O-O a6
9.f4 Qxd4 10.Qxd4 Nxd4 11.Rxd4 Be7 12.Be2 h6 13.Bh4 Rb8 14.Rhd1 g5 15.fxg5 Nd7
16.Bg3 hxg5 17.e5 d5 18.b4 b5 19.a3 Nb6 20.Rf1 Bb7 21.Rf2 Rc8 22.Kb2 Rh6
23.h4 gxh4 24.Bf4 Rh7 25.Bd3 Rh8 26.Bd2 Nc4+ 27.Bxc4 Rxc4 28.Rd3 Rg4 29.Ne2 Rh5
30.Bf4 f6 31.Rc3 Bd8 32.Nd4 fxe5 33.Nxe6 Bb6 34.Re2 e4 35.Be3 Bxe3 36.Rexe3 Ke7
37.Nd4 Kd6 38.Rc5 Ke5 39.Nb3 Rxg2 40.Rc7 d4 41.Re1 Bd5 42.Rc5 d3  0-1

[Event "Canadian Closed zt"]
[Site "Toronto CAN"]
[Date "2006.08.18"]
[Round "1"]
[White "Peng,D"]
[Black "Bluvshtein,M"]
[Result "0-1"]
[WhiteElo "2170"]
[BlackElo "2541"]

1.e4 c5 2.Nf3 d6 3.d4 cxd4 4.Nxd4 Nf6 5.Nc3 Nc6 6.Bg5 e6 7.Qd2 a6 8.O-O-O Bd7
9.f4 Be7 10.Nf3 b5 11.Bd3 b4 12.Ne2 O-O 13.e5 dxe5 14.Nxe5 Nd5 15.Bxe7 Ncxe7
16.g4 Bb5 17.Qe1 Qc7 18.Qg3 f6 19.Nf3 Ne3 20.Nfd4 Nxd1 21.Rxd1 Bd7 22.g5 f5
23.Nf3 Bc6 24.Ned4 Bd5 25.Re1 Rfd8 26.Rxe6 Rac8 27.Ne5 Bxa2 28.g6 hxg6 29.Rxe7 Qxe7
30.Ndc6 Qc5 31.Nxd8 Rxd8 32.b3 Bxb3 33.Qxg6 Qe3+ 34.Kb2 Qxf4 35.Kxb3 Qxe5
36.Bc4+ Rd5 37.Qc6 Qc3+ 38.Ka2 Qxc2+ 39.Ka1 Kh7 40.Qxd5 Kh6 41.Qe6+ g6 42.Qe3+ g5
43.Qe6+ Kh5 44.Qe8+ Kg4 45.Be2+ Kf4 46.Bxa6 Qc1+ 47.Ka2 Qa3+ 48.Kb1 Qxa6
49.Qb8+ Kg4 50.Qxb4+ f4 51.Qd2 Qb6+ 52.Ka2 Qe6+ 53.Kb1 Qe4+ 54.Kb2 Kh3 55.Qd7+ Kxh2
56.Qg7 Qf5 57.Kc3 f3  0-1

[Event "23rd Open"]
[Site "Collado Villalba ESP"]
[Date "2006.08.20"]
[Round "2"]
[White "De la Barrera M.,E"]
[Black "Guliev,L"]
[Result "0-1"]
[WhiteElo "2099"]
[BlackElo "2417"]

1.e4 c5 2.Nf3 Nc6 3.d4 cxd4 4.Nxd4 Nf6 5.Nc3 d6 6.Bg5 e6 7.f4 Be7 8.Qd2 Qb6
9.O-O-O a6 10.Be2 Nxd4 11.Qxd4 Qxd4 12.Rxd4 Bd7 13.Bf3 Bc6 14.a4 Rc8 15.a5 h6
16.Bh4 Bd8 17.b4 Be7 18.Kb2 g5 19.fxg5 Nd7 20.Bg3 hxg5 21.Bxd6 Bf6 22.Rc4 g4
23.Bxg4 b5 24.axb6 Nxb6 25.Rc5 Na4+ 26.Kb3 Nxc3 27.e5 Ne4 28.exf6 Nxd6 29.Bf3 Kd7
30.Bxc6+ Rxc6 31.Rxc6 Kxc6 32.c4 Rh4 33.c5 Nb7 34.Ra1 Kb5 35.c6 Rxb4+ 36.Ka3 Nd6
37.Rd1 Nc4+  0-1

[Event "6th Open"]
[Site "Velika Gorica CRO"]
[Date "2006.08.20"]
[Round "2"]
[White "Vadla,Z"]
[Black "Doric,D"]
[Result "1/2-1/2"]
[WhiteElo "2227"]
[BlackElo "2420"]

1.e4 c5 2.Nf3 d6 3.d4 cxd4 4.Nxd4 Nf6 5.Nc3 Nc6 6.Bg5 e6 7.Qd2 Be7 8.O-O-O O-O
9.h4 h6 10.f4 Nxd4 11.Qxd4 hxg5 12.hxg5 Ng4 13.Be2 e5 14.Qg1 exf4 15.Bxg4 Bxg4
16.Qh2 f5 17.Qh7+ Kf7 18.exf5 Bxg5 19.Qg6+ Kg8 20.Qh7+ Kf7 21.Qg6+ Kg8  1/2-1/2

[Event "3rd Dato Arthur Tan"]
[Site "Kuala Lumpur MAS"]
[Date "2006.08.21"]
[Round "1"]
[White "So,W"]
[Black "Paragua,M"]
[Result "1/2-1/2"]
[WhiteElo "2330"]
[BlackElo "2604"]

1.e4 c5 2.Nf3 Nc6 3.d4 cxd4 4.Nxd4 Nf6 5.Nc3 d6 6.Bg5 Qb6 7.Nb3 e6 8.Bf4 Ne5
9.Be3 Qc7 10.f4 Nc6 11.Bd3 Be7 12.Qf3 a6 13.O-O O-O 14.Rae1 Nb4 15.Qg3 Kh8
16.Qh3 e5 17.f5 d5 18.exd5 Nbxd5 19.Nxd5 Nxd5 20.Qh5 Nf6 21.Qh4 Bd7 22.Bg5 Rfe8
23.Re3 Qb6 24.Kh1 Bf8 25.Rfe1 Qd6 26.Nd2 b5 27.Ne4 Nxe4 28.Bxe4 f6 29.Rh3 h6
30.Rd3 fxg5  1/2-1/2

[Event "Canadian Closed zt"]
[Site "Toronto CAN"]
[Date "2006.08.21"]
[Round "4"]
[White "Henry,Lia"]
[Black "Dougherty,M"]
[Result "0-1"]
[WhiteElo "2090"]
[BlackElo "2186"]

1.e4 c5 2.Nf3 d6 3.d4 cxd4 4.Nxd4 Nf6 5.Nc3 Nc6 6.Bg5 e6 7.Qd2 a6 8.O-O-O Bd7
9.f4 h6 10.Bxf6 gxf6 11.Be2 h5 12.Rhf1 Rc8 13.Kb1 b5 14.Nxc6 Rxc6 15.Bf3 Rc5
16.f5 Re5 17.fxe6 fxe6 18.Ne2 Bc6 19.Qd4 h4 20.Nf4 Kf7 21.Nd3 Rg5 22.e5 Bxf3
23.Rxf3 f5 24.exd6 Bxd6 25.Ne5+ Bxe5 26.Qa7+ Kf6 27.Rxd8 Rxd8 28.a3 Rxg2
29.Qh7 Rd1+ 30.Ka2 Rxc2 31.Qxh4+ Kg6 32.Rg3+ Bxg3 33.Qxg3+ Kf7 34.Qg5 Rdd2
35.Qh5+ Ke7 36.Qh4+ Kd7 37.Qh7+ Kd6 38.Qb7 Rxb2+ 39.Ka1 Rxh2 40.Qb6+ Kd5
41.Qb7+ Ke5 42.Qc7+ Ke4 43.Qc6+ Kf4 44.Qxe6 Rbd2  0-1

[Event "6th Open"]
[Site "Velika Gorica CRO"]
[Date "2006.08.21"]
[Round "4"]
[White "Bender,I"]
[Black "Doric,D"]
[Result "1/2-1/2"]
[WhiteElo "2301"]
[BlackElo "2420"]

1.e4 c5 2.Nf3 d6 3.d4 cxd4 4.Nxd4 Nf6 5.Nc3 Nc6 6.Bg5 e6 7.Qd2 Be7 8.O-O-O O-O
9.f4 h6 10.Bh4 e5 11.Nf5 Bxf5 12.exf5 exf4 13.Kb1 d5 14.Bxf6 Bxf6 15.Nxd5 Be5
16.Bc4 b5 17.Bb3 a5 18.a3 Rb8 19.Rhe1 Qg5 20.Qd3 Kh8 21.Qh3 f6 22.Re4 Rfd8
23.Rf1 a4 24.Ba2 Rb7 25.Qf3 Rbd7 26.Nxf4 Bxf4 27.Be6 Nd4 28.Qxf4 Nxe6 29.Rxe6 Qxg2
30.Rc1 Rd5 31.Re7 Kh7 32.h4 R8d6 33.h5 Rd4 34.Qf1 Qxf1 35.Rxf1 Rd1+ 36.Rxd1 Rxd1+
37.Ka2 Rd5 38.c4 bxc4 39.Rc7 Rxf5 40.Rxc4 Ra5 41.Rh4 f5 42.b3 axb3+ 43.Kxb3 f4
44.Kb4 Rf5 45.a4 f3 46.Rh1 f2 47.Rf1 Rxh5 48.Rxf2 Rh1 49.Ra2 Rc1 50.a5 h5
51.a6 Rc8 52.a7 Ra8 53.Kc5 h4 54.Kd4  1/2-1/2

[Event "9th Open"]
[Site "Banyoles ESP"]
[Date "2006.08.22"]
[Round "7"]
[White "Fluvia Poyatos,J"]
[Black "Martorell Aguado,J"]
[Result "1-0"]
[WhiteElo "2467"]
[BlackElo "2197"]

1.e4 c5 2.Nf3 Nc6 3.d4 cxd4 4.Nxd4 Nf6 5.Nc3 d6 6.Bg5 e6 7.Qd2 a6 8.O-O-O Bd7
9.f3 b5 10.g4 Be7 11.Be3 h6 12.h4 b4 13.Nxc6 Bxc6 14.Ne2 d5 15.Nd4 Bb7 16.e5 Nd7
17.f4 Rc8 18.f5 Nc5 19.Kb1 Qa5 20.Bd3 Na4 21.Nb3 Qc7 22.Bd4 Nc5 23.g5 Ne4
24.Qg2 hxg5 25.hxg5 Rxh1 26.Rxh1 Kd7 27.g6 exf5 28.gxf7 g5 29.Qf3 Qc6 30.Na5 Nd2+
31.Kc1 Nxf3 32.Nxc6 Rxc6 33.Bxf5+ Kc7 34.Bf2 Nh4 35.Rxh4 gxh4 36.Bxh4 Bf8
37.e6 Kd6 38.Bg3+ Kc5 39.Be5 Be7 40.c3 bxc3 41.b4+ Kc4 42.Bf6 Bf8 43.e7 Bh6+
44.Kc2 Rxf6 45.Bd3+ Kd4 46.e8=Q Bc6 47.b5 Rf2+ 48.Be2 Bxb5 49.Qh8+ Kc5 50.Qxc3+ Bc4
51.f8=Q+ Rxf8 52.Bxc4 dxc4 53.Qe5+ Kb4 54.Qd6+ Kb5 55.a4+ Kxa4 56.Qxh6 Rf2+
57.Kc3  1-0

[Event "Independence Cup A"]
[Site "Kyiv UKR"]
[Date "2006.08.23"]
[Round "11"]
[White "Zhesterev,A"]
[Black "Solomaha,A"]
[Result "1/2-1/2"]
[WhiteElo "2251"]
[BlackElo "2323"]

1.e4 c5 2.Nf3 Nc6 3.d4 cxd4 4.Nxd4 Nf6 5.Nc3 d6 6.Bg5 e6 7.f3 a6 8.Qd2 h6
9.Be3 Be7 10.O-O-O Nxd4 11.Bxd4 b5 12.Bd3 Qa5 13.Kb1 b4 14.Ne2 e5 15.Be3 Be6
16.Nc1 d5 17.Nb3 Qc7 18.exd5 Nxd5 19.Be4 Rd8 20.Bxd5 Rxd5 21.Qe2 Rxd1+ 22.Rxd1 Bc4
23.Qf2 O-O 24.f4 exf4 25.Bxf4 Qc6 26.Nd4 Qf6 27.Be3 Qxf2 28.Bxf2 Rd8 29.Be3 Bc5
30.Rd2 Re8 31.Bf2 Bd5 32.g3 Bb7 33.b3 g6 34.Kb2 f5 35.c3 bxc3+ 36.Kxc3 Kf7
37.b4 Bf8 38.Nb3 Bg7+ 39.Bd4 Re3+ 40.Kc4 Bxd4 41.Rxd4 Bc8 42.Kc5 Be6 43.Kb6 Bxb3
44.axb3 Rxb3 45.Kxa6 Ke6 46.b5 g5 47.b6 Ke5 48.Rd8 f4 49.gxf4+ gxf4 50.b7 f3
51.Rd3 Rxb7 52.Rxf3 Rd7 53.Kb5 Ke4 54.Rh3 Rd6 55.Kc5 Ra6 56.Rh4+ Kf5 57.Rh3 Kg4
58.Rg3+ Kh4 59.Rg2 Kh3 60.Rb2 Re6 61.Kd4 h5 62.Kd3 h4 63.Re2 Ra6 64.Ke3 Ra3+  1/2-1/2

[Event "VII Open"]
[Site "Tarragona ESP"]
[Date "2006.08.24"]
[Round "6"]
[White "Dzhumaev,M"]
[Black "Abergel,T"]
[Result "1-0"]
[WhiteElo "2509"]
[BlackElo "2477"]

1.e4 c5 2.Nf3 d6 3.d4 Nf6 4.Nc3 cxd4 5.Nxd4 Nc6 6.Bg5 Qb6 7.Nb3 e6 8.Qd2 Be7
9.O-O-O O-O 10.f3 Rd8 11.Nb5 Rd7 12.Qe1 Qd8 13.h4 a6 14.N5d4 Nxd4 15.Nxd4 Rc7
16.g4 e5 17.Nf5 Bxf5 18.exf5 Rac8 19.Rh2 Qd7 20.Bd3 h6 21.Bxf6 Bxf6 22.g5 hxg5
23.hxg5 Bxg5+ 24.Kb1 Bf6 25.Be4 Rc4 26.Bd5 Rf4 27.Be4 Rd8 28.a3 Rxf5 29.Bxf5 Qxf5
30.Qe4 Qxe4 31.fxe4 Be7 32.Rh3 g6 33.Rdh1 Rd7 34.c4 Rc7 35.b3 Bg5 36.Kc2 Bf4
37.Rh8+ Kg7 38.Rd8 Bg5 39.Rxd6 Be7 40.Rd5 Bxa3 41.Rxe5 Bc5 42.Rd5 b6 43.e5 Re7
44.Rf1 Re6 45.Kd3 a5 46.Ke4 Re7 47.Rd8 Bb4 48.Rf3 Ba3 49.Kd5 Rc7 50.Rf2 Bb4
51.Re2 Rc5+ 52.Ke4 a4 53.bxa4 Rxc4+ 54.Rd4 Rxd4+ 55.Kxd4 Kh6 56.Kd5 Bc3 57.Rc2  1-0

[Event "3rd Dato Arthur Tan"]
[Site "Kuala Lumpur MAS"]
[Date "2006.08.25"]
[Round "7"]
[White "Nadanian,A"]
[Black "Ginting,Nas"]
[Result "1/2-1/2"]
[WhiteElo "2431"]
[BlackElo "2397"]

1.e4 c5 2.Nf3 d6 3.d4 cxd4 4.Nxd4 Nf6 5.Nc3 Nc6 6.Bg5 e6 7.Qd2 Be7 8.O-O-O O-O
9.f4 Nxd4 10.Qxd4 Qa5 11.e5 dxe5 12.Qxe5 Qxe5 13.fxe5 Nd5 14.Bxe7 Nxe7 15.Bd3 b6
16.Be4 Rb8 17.Rhe1 Bb7 18.Rd7 Bxe4 19.Rxe4 Nc6 20.Nb5 Rfd8 21.Rd6 Rbc8 22.Rc4 Nxe5
23.Rxc8 Rxc8 24.Nxa7 Rb8 25.a4 Kf8 26.b3 Ke8 27.c4 Ra8 28.Nc6 Nd7 29.Kb2 Nc5
30.Ka3 Nb7 31.Rd4 Rc8 32.Na7 Rd8 33.Rxd8+ Kxd8 34.Kb4 Kd7 35.Nb5 g6 36.Nd4 e5
37.Nf3 f6 38.Kc3 Nc5 39.Nd2 f5 40.Nf3 Kd6 41.Ng5 h5 42.h4 e4 43.g3 Ke5 44.Nf7+ Ke6
45.Ng5+ Ke5 46.Nf7+ Ke6 47.Ng5+ Ke5  1/2-1/2

[Event "VII Open"]
[Site "Tarragona ESP"]
[Date "2006.08.27"]
[Round "9"]
[White "Rahal,M"]
[Black "Kogan,Ar"]
[Result "0-1"]
[WhiteElo "2390"]
[BlackElo "2567"]

1.e4 c5 2.Nf3 Nc6 3.d4 cxd4 4.Nxd4 Nf6 5.Nc3 d6 6.Bg5 Qb6 7.Nb3 e6 8.Qd2 Be7
9.Be3 Qc7 10.f3 a6 11.g4 Ne5 12.Nd4 b5 13.g5 Nfd7 14.O-O-O Nb6 15.Qf2 Nec4
16.Bxc4 Nxc4 17.h4 b4 18.Nce2 g6 19.Nf4 Bb7 20.Ndxe6 fxe6 21.Nxe6 Qa5 22.Bd4 Qxa2
23.b3 Na3 24.Bxh8 Kf7 25.Nd4 Rxh8 26.h5 Bxg5+ 27.f4 Bf6 28.hxg6+ hxg6 29.Rxh8 Bxh8
30.e5 Qa1+ 31.Kd2 Qc3+ 32.Kc1 Be4 33.f5 gxf5 34.Nxf5 Qxc2+ 35.Qxc2 Bxc2 36.Nxd6+ Ke6
37.Rh1 Bxe5 38.Nc4 Bf6 39.Rh6 Bd3 40.Nd2 Nb5 41.Rh3 Bf5 42.Re3+ Kd5 43.Rg3 Nc3
44.Rg8 Bd3 45.Rb8 Ne2+ 46.Kd1 Nc3+ 47.Kc1 Bg5 48.Rb7 Kc6  0-1

[Event "FSGM September"]
[Site "Budapest HUN"]
[Date "2006.09.02"]
[Round "1"]
[White "Boros,De"]
[Black "Wittmann,W"]
[Result "1-0"]
[WhiteElo "2462"]
[BlackElo "2361"]

1.e4 c5 2.Nf3 d6 3.d4 cxd4 4.Nxd4 Nf6 5.Nc3 Nc6 6.Bg5 e6 7.Qd2 a6 8.O-O-O Bd7
9.f3 Be7 10.Be3 b5 11.Nxc6 Bxc6 12.Ne2 Rc8 13.Nd4 Bb7 14.g4 Nd7 15.Kb1 Ne5
16.Qg2 Qa5 17.g5 d5 18.Qg3 Nc4 19.Bxc4 bxc4 20.Qe5 Kf8 21.Ne2 Qc7 22.Qc3 dxe4
23.Ng3 exf3 24.Bd4 Rg8 25.Nh5 Bxg5 26.Bxg7+ Ke8 27.Be5 Qc5 28.Ng7+ Rxg7 29.Bxg7 Qf5
30.Rhe1 Be4 31.Bd4 f6 32.Bf2 e5 33.a4 h5 34.h4 Bf4 35.Rd6 a5 36.Qxa5 Bxc2+
37.Ka1 c3 38.Qb5+ Kf8 39.Rg1 cxb2+ 40.Qxb2 Ra8 41.Bc5 Rxa4+ 42.Ba3 Rxa3+
43.Qxa3 Ke8 44.Qa7 Bb3 45.Qb8+ Ke7 46.Qc7+  1-0

[Event "FSGM September"]
[Site "Budapest HUN"]
[Date "2006.09.03"]
[Round "2"]
[White "Haznedaroglu,K"]
[Black "Boros,De"]
[Result "1/2-1/2"]
[WhiteElo "2454"]
[BlackElo "2462"]

1.e4 c5 2.Nf3 d6 3.d4 cxd4 4.Nxd4 Nf6 5.Nc3 Nc6 6.Bg5 a6 7.Qd2 e6 8.O-O-O Be7
9.f4 Bd7 10.Nf3 b5 11.Bd3 b4 12.Ne2 h6 13.Bh4 a5 14.Kb1 Rb8 15.h3 a4 16.g4 a3
17.b3 d5 18.Bxf6 Bxf6 19.exd5 exd5 20.g5 Bb2 21.Ng3 hxg5 22.fxg5 g6 23.Qf4 Be6
24.h4 Ke7 25.h5 Qd6 26.Qxd6+ Kxd6 27.hxg6 Rxh1 28.Rxh1 Ne5 29.Nxe5 Bxe5 30.Nf5+ Bxf5
31.Bxf5 fxg6 32.Bxg6  1/2-1/2

[Event "ch-U20 Panamerican"]
[Site "Bogota COL"]
[Date "2006.09.05"]
[Round "4"]
[White "Gallego,A"]
[Black "Alvarez,Ja"]
[Result "1-0"]
[WhiteElo "2184"]
[BlackElo "2034"]

1.e4 c5 2.Nf3 d6 3.d4 cxd4 4.Nxd4 Nf6 5.Nc3 Nc6 6.Bg5 e6 7.Qd2 a6 8.O-O-O Be7
9.f3 Bd7 10.g4 h5 11.gxh5 Rxh5 12.f4 b5 13.Bg2 Rc8 14.Bf3 Rh8 15.h4 Qb6 16.Nce2 Na5
17.Ng3 Nc4 18.Qe2 Qa5 19.Kb1 Qb4 20.Nb3 Bc6 21.f5 e5 22.Bxf6 gxf6 23.Bh5 Bf8
24.Bf3 Ke7 25.Qd3 Ke8 26.Ne2 Nb6 27.Qe3 Rb8 28.a3 Qa4 29.Nc3 Nc4 30.Qa7 Ra8
31.Qc7 Nxa3+ 32.bxa3 Qc4 33.Na5 Qxc3 34.Qxc6+ Qxc6 35.Nxc6 d5 36.exd5 Bxa3
37.d6 Kd7 38.Rd3 Bc5 39.Na5 Ra7 40.Bc6+ Kc8 41.d7+ Kc7 42.Rhd1 Rd8 43.Be4  1-0

[Event "TCh-POL Extraliga"]
[Site "Ustron POL"]
[Date "2006.09.05"]
[Round "4"]
[White "Czarnota,D"]
[Black "Flazinska,A"]
[Result "1-0"]
[WhiteElo "2237"]
[BlackElo "1856"]

1.e4 c5 2.Ne2 Nf6 3.Nbc3 Nc6 4.d4 cxd4 5.Nxd4 d6 6.Bg5 e6 7.Qd2 Be7 8.Nb3 a6
9.O-O-O b5 10.Bxf6 gxf6 11.f4 Bb7 12.Bd3 Qb6 13.Kb1 O-O-O 14.Rhf1 Rhg8 15.g3 Rg7
16.a3 Kb8 17.Be2 Bf8 18.f5 Be7 19.fxe6 fxe6 20.Qh6 Rdg8 21.Qf4 Qc7 22.Qe3 Bc8
23.Nd4 Nxd4 24.Qxd4 Qc5 25.Qd2 Rg5 26.Rf4 Bb7 27.Rh4 Rh8 28.Bd3 Rh5 29.Rg4 Rg5
30.Rxg5 fxg5 31.Rf1 Rf8 32.Qe2 h6 33.Rxf8+ Bxf8 34.Qh5 Qc8 35.Qf7 Bc6 36.Ne2 Qe8
37.Qg8  1-0